Datum a čas kvízu
25
Celkem bodů
Celkový počet nahraných bodů na tomto kvízu bez doplňovacích otázek.
11.
Pořadí na kvízu
Konečné umístění týmu na tomto kvízu.
Zaznamenané odpovědi
| # | Otázka | Odpověď | Body | Výsledky |
|---|---|---|---|---|
| 1. | V pražském Uměleckoprůmyslovém... | 1 | ||
| 2. | Strana Alternativa pro Německo... | 1 | ||
| 3. | Radní centrálního městského ob... | 0 | ||
| 4. | Americká firma Nike představil... | 1 | ||
| 5. | Ligový lídr v přípravě opět in... | 1 | ||
| 6. | Rok 1989 si přirozeně spojujem... | 1 | ||
| 7. | Je samozřejmé, že události v z... | 1 | ||
| 8. | V tomto roce skončil i komunis... | 1 | ||
| 9. | Nejen politikou živ je člověk.... | 1 | ||
| 10. | Lidé narození roku 1989 patří... | 1 |